สารสายใจไทย ฉบับเฉลิมพระเกียรติ / (ระเบียนเลขที่ 65804)
| 000 -LEADER | |
|---|---|
| fixed length control field | 01284nam a22002057a 4500 |
| 005 - DATE AND TIME OF LATEST TRANSACTION | |
| control field | 20251125233108.0 |
| 008 - FIXED-LENGTH DATA ELEMENTS--GENERAL INFORMATION | |
| fixed length control field | s2555 th ||||| |||| 00| 0 tha d |
| 040 ## - CATALOGING SOURCE | |
| Original cataloging agency | NALT |
| 050 ## - LIBRARY OF CONGRESS CALL NUMBER | |
| Classification number | DS 578.32 |
| Item number | ท622ส 2554 |
| 110 2# - MAIN ENTRY--CORPORATE NAME | |
| Corporate name or jurisdiction name as entry element | มูลนิธิสายใจไทย ในพระบรมราชูปถัมภ์ |
| 9 (RLIN) | 6983 |
| 245 10 - TITLE STATEMENT | |
| Title | สารสายใจไทย ฉบับเฉลิมพระเกียรติ / |
| Statement of responsibility, etc. | มูลนิธิสายใจไทย ในพระบรมราชูปถัมภ์. |
| 260 ## - PUBLICATION, DISTRIBUTION, ETC. | |
| Place of publication, distribution, etc. | กรุงเทพฯ : |
| Name of publisher, distributor, etc. | อมรินทร์พริ้นติ้งแอนด์พับลิชชิ่ง, |
| Date of publication, distribution, etc. | 2555. |
| 300 ## - PHYSICAL DESCRIPTION | |
| Extent | 167 หน้า : |
| Other physical details | ภาพประกอบ ; |
| Dimensions | 29 ซม. |
| 600 00 - SUBJECT ADDED ENTRY--PERSONAL NAME | |
| Personal name | เทพรัตนราชสุดาฯ สยามบรมราชกุมารี, |
| Titles and other words associated with a name | สมเด็จพระ, |
| Dates associated with a name | 2498- |
| 9 (RLIN) | 11456 |
| 600 00 - SUBJECT ADDED ENTRY--PERSONAL NAME | |
| Personal name | ภูมิพลอดุลยเดช, |
| Titles and other words associated with a name | พระบาทสมเด็จพระเจ้าอยู่หัว, |
| Dates associated with a name | 2470- |
| 9 (RLIN) | 6254 |
| 850 ## - HOLDING INSTITUTION | |
| Holding institution | NALT |
| 856 40 - ELECTRONIC LOCATION AND ACCESS | |
| Uniform Resource Identifier | <a href="https://hdl.handle.net/20.500.14156/385954">https://hdl.handle.net/20.500.14156/385954</a> |
| -- | 1 |
| 942 ## - ADDED ENTRY ELEMENTS (KOHA) | |
| Koha item type | General Book |
| Source of classification or shelving scheme | Library of Congress Classification |
| 998 ## - LOCAL CONTROL INFORMATION (RLIN) | |
| -- | |
| -- | CRON CRON |
| Withdrawn status | Lost status | Source of classification or shelving scheme | Damaged status | Not for loan | Collection code | Home library | Current library | Source of acquisition | Total Checkouts | Full call number | Barcode | Date last seen | Price effective from | Koha item type |
|---|---|---|---|---|---|---|---|---|---|---|---|---|---|---|
| Library of Congress Classification | General Book collection | National Assembly Library of Thailand | National Assembly Library of Thailand | บริจาค | DS 578.32 ท622ส 2554 | 3961189319 | 09/06/2017 | 09/06/2017 | General Book |
